| 000 | 00566cam a22002291 4500 | ||
|---|---|---|---|
| 001 | sa 64005173 | ||
| 003 | DLC | ||
| 005 | 20260227112030.0 | ||
| 008 | 900116s1963 ii b 000 0 malo | ||
| 010 | _asa 64005173 | ||
| 035 | _a(OCoLC)20908492 | ||
| 040 |
_aDLC _cWaU _dDLC |
||
| 042 | _apremarc | ||
| 050 | 0 | 0 |
_aPQ2613.I2 _bZ587 |
| 100 | 1 | _aAyyaneth, O. | |
| 245 | 0 | 0 | _aĀndr̲ē Jīdȧ. |
| 260 | _c[1963] | ||
| 300 |
_aiv, xiv, 271 p. _c18 cm. |
||
| 500 | _aIn Malayalam. | ||
| 504 | _aBibliographical footnotes. | ||
| 600 | 1 | 0 |
_aGide, André, _d1869-1951. |
| 999 |
_c58984 _d58984 |
||